000 00627nam a2200277Ia 4500
005 20260324134237.0
008 008 260324s9999 xx 000 0 eng d
020 _a9780203086292
037 _aEBOOK
040 _aCRL
040 _beng
040 _cCRL
041 _2eng
041 _aeng
084 _qCRL
100 _aChris Gittings
_91196105
245 0 _aCanadian National Cinema
260 _bTaylor and Francis
260 _c2002
365 _a
365 _b220
856 _uhttp://www.taylorfrancis.com/books/9780203086292
942 _cEBOOK
999 _c1795964
_d1795964